• 首页
  • 本馆介绍
  • 公告通知
  • 最新文献
  • 馆藏检索
  • 电子资源
  • 读者导购
  • 参考咨询
  • 我的图书馆
  • 登录
  • 详细信息显示
  • 放入我的书架
  • 预约/预借图书
  • 作者相关作品
  • 分类相关作品
  • 丛书相关作品
  • 出版社相关作品

书目信息

  • 表格格式
  • 工作单格式
  • 卡片格式
题名:
现代主义浪潮下
    
 
作者: 黄梅 主编
分册:  
出版信息: 北京   中国社会科学出版社  1995.11
页数: 319页
开本: 32开
丛书名: 英语小说研究
单 册:
中图分类: I561.074
科图分类:
主题词: 小说--文学研究--英国--1914~1945
电子资源:
ISBN: 7-5004-1638-5
000 00650nam0 2200217 45
001 0204231432
005 20031219104055.1
010    @a7-5004-1638-5@dCNY13.80
100    @a20020423d1995 km y0chiy0120 ea
101 0  @achi
105    @a z 000yy
200 1  @a现代主义浪潮下@AXian Dai Zhu Yi Lang Chao Xia@f黄梅主编@FHuang Mei ZhuBian
210    @a北京@c中国社会科学出版社@d1995.11
215    @a319页@d32开
225    @a英语小说研究@e1914-1945
410    @12001 @a英语小说研究
606 0  @a小说@x文学研究@y英国@z1914~1945
690    @aI561.074@v4
701    @a黄梅@4主编
801    @aCN@bTSTC@c20020423
905    @b308906-910@dI561.074@e305@f5
    
    现代主义浪潮下/黄梅主编.-北京:中国社会科学出版社,1995.11
    319页;32开.-(英语小说研究:1914-1945)
    
    
    ISBN 7-5004-1638-5:CNY13.80
    
●
相关链接 在E读中查询图书 在五车中查询图书 在当当中查询图书 在豆瓣中查询图书


正题名:现代主义浪潮下     索取号:I561.074/305         预约/预借

序号 登录号 条形码 馆藏地/架位号 状态 备注
1 0308906   203089068   第二借阅区/ [索取号:I561.074/305] 在馆    
2 0308907   203089077   第二借阅区/ [索取号:I561.074/305] 在馆    
3 0308908   203089086   第二借阅区/ [索取号:I561.074/305] 在馆    
4 0308909   203089095   第二借阅区/ [索取号:I561.074/305] 在馆    
5 0308910   203089102   第一样本阅览室/ [索取号:I561.074/305] 在馆    
唐山师范学院图书馆 欢迎您!
大连网信软件有限公司© 版权所有